A large and accurate map of the City of London, ichnographically describing all the streets, lanes, alleys, courts, yards, churches, halls and houses, &c., actually surveyed and delineated by John Ogilby, Esq., His Majesty's Cosmographer 1677 (Record no. 116859)

MARC details
000 -LEADER
fixed length control field 01176cem a22002295a 4500
001 - CONTROL NUMBER
control field L140388
008 - FIXED-LENGTH DATA ELEMENTS--GENERAL INFORMATION
fixed length control field 070920r18951677xxk a 0 f eng u
035 ## - SYSTEM CONTROL NUMBER
System control number (Sirsi) u140388
041 0# - LANGUAGE CODE
Language code of text/sound track or separate title eng
110 2# - MAIN ENTRY--CORPORATE NAME
Corporate name or jurisdiction name as entry element London and Middlesex Archaeological Society
9 (RLIN) 5355
245 02 - TITLE STATEMENT
Title A large and accurate map of the City of London, ichnographically describing all the streets, lanes, alleys, courts, yards, churches, halls and houses, &c., actually surveyed and delineated by John Ogilby, Esq., His Majesty's Cosmographer 1677
Remainder of title facsimile reproduction of the map, with reprint in facsimile of Ogilby's 'London survey'd, or an explanation of the large map of London'
Medium [cartographic material]
250 ## - EDITION STATEMENT
Edition statement Facsim.
255 ## - CARTOGRAPHIC MATHEMATICAL DATA
Statement of scale Scale not given
260 ## - PUBLICATION, DISTRIBUTION, ETC.
Place of publication, distribution, etc. London
Name of publisher, distributor, etc. London and Middlesex Archaeological Society
Date of publication, distribution, etc. 1895
300 ## - PHYSICAL DESCRIPTION
Extent 4 sheets
Other physical details in folder
Dimensions 38 x 49 cm.
500 ## - GENERAL NOTE
General note Library holds sheets 18-21 only.
500 ## - GENERAL NOTE
General note Library also holds a copy of the facsimile of Ogilby's 'London survey'd...1677' (see L140384).
651 4# - SUBJECT ADDED ENTRY--GEOGRAPHIC NAME
Geographic name London
690 ## - LOCAL SUBJECT ADDED ENTRY--TOPICAL TERM (OCLC, RLIN)
Topical term or geographic name as entry element ENVIRONMENTAL AND LAND CONSULTANCY-GEOMATICS-MAPPING AND POSITIONING-CARTOGRAPHY
700 1# - ADDED ENTRY--PERSONAL NAME
Personal name Ogilby, John
942 ## - ADDED ENTRY ELEMENTS (KOHA)
Suppress in OPAC 0
Holdings
Withdrawn status Lost status Source of classification or shelving scheme Damaged status Not for loan Home library Current library Shelving location Date acquired Total Checkouts Full call number Barcode Date last seen Copy number Price effective from Koha item type
    Dewey Decimal Classification     Historic collection Historic collection Historic collection 20/09/2007   MAP CABINET DRAWER 5 140388-2001 06/08/2019 1 06/08/2019 Archive